| 000 | 01236nam a2200325 i 4500 | ||
|---|---|---|---|
| 001 | 13956 | ||
| 003 | KOSZ 005 | ||
| 005 | 20191105114724.0 | ||
| 008 | 080411s1962 pl a f 000 0 pol | ||
| 015 | _aPB 1962/773 | ||
| 035 | _a(OCoLC)751447403 | ||
| 040 |
_aWA N _cWA N _dKOSZ 005/KK |
||
| 041 | 1 |
_apol _hrus |
|
| 080 | _a539(024.7) | ||
| 100 | 1 |
_aAnfilov, Gleb. _eAutor. |
|
| 245 | 1 | 0 |
_aSztuczne słońce / _cGleb Anfiłow ; [tłumaczenie z rosyjskiego Tadeusz Twarogowski ; ilustracje Zbigniew Piotrowski]. |
| 246 | 1 |
_iTytuł oryginału: _aIskustvennoe solnce. |
|
| 260 |
_aWarszawa : _b"Nasza Księgarnia", _c1962. |
||
| 300 |
_a227, [1] stron : _bilustracje ; _c21 cm. |
||
| 336 |
_2rdacontent _aTekst _btxt |
||
| 337 |
_2rdamedia _aBez urządzenia pośredniczącego _bn |
||
| 338 |
_2rdacarrier _aWolumin _bnc |
||
| 380 | _aKsiążki. | ||
| 658 | _aFizyka i astronomia | ||
| 700 | 1 |
_aTwarogowski, Tadeusz _d(1915-1989). _eTłumaczenie |
|
| 700 | 1 |
_aPiotrowski, Zbigniew _d(1903-1963). _eIlustracje |
|
| 710 | 2 |
_aInstytut Wydawniczy "Nasza Księgarnia" _4pbl. |
|
| 856 |
_uhttp://koha.tu.koszalin.pl/cgi-bin/koha/opac-detail.pl?biblionumber=13956 _yKatalog online BPK |
||
| 942 |
_2UKD _cKS |
||
| 999 |
_c13956 _d13956 |
||